Tarifa del impuesto general de importación y exportación (Record no. 140048)

MARC details
000 -LEADER
fixed length control field 00823nam a22001817a 4500
005 - DATE AND TIME OF LATEST TRANSACTION
control field 20231121145438.0
008 - FIXED-LENGTH DATA ELEMENTS--GENERAL INFORMATION
fixed length control field 230103s mx frg||| 00| 0 spa|du
050 04 - LIBRARY OF CONGRESS CALL NUMBER
Classification number KGF4066
Item number C46 2002
111 1# - MAIN ENTRY--MEETING NAME
Meeting name or jurisdiction name as entry element Centro de Investigación Aduanera y de Comercio Internacional
245 10 - TITLE STATEMENT
Title Tarifa del impuesto general de importación y exportación
Statement of responsibility, etc / Centro de Investigación Aduanera y de Comercio Internacional
250 ## - EDITION STATEMENT
Edition statement 1a ed.
260 ## - PUBLICATION, DISTRIBUTION, ETC. (IMPRINT)
Place of publication, distribution, etc México :
Name of publisher, distributor, etc Centro de Investigación Aduanera y de Comercio Internacional,
Date of publication, distribution, etc 2002
300 ## - PHYSICAL DESCRIPTION
Extent 546 p. ;
Dimensions 22 cm.
504 ## - BIBLIOGRAPHY, ETC. NOTE
Bibliography, etc Incluye bibliografía
650 4# - SUBJECT ADDED ENTRY--TOPICAL TERM
Topical term or geographic name as entry element Impuestos de importaciones y exportaciones
General subdivision Regulación de la industria, el comercio y el comercio
Geographic subdivision México
650 4# - SUBJECT ADDED ENTRY--TOPICAL TERM
Topical term or geographic name as entry element Controles de exportación e importación
General subdivision Comercio Internacional
Geographic subdivision México
942 ## - ADDED ENTRY ELEMENTS (KOHA)
Source of classification or shelving scheme Biblioteca del Cogreso de los Estados Unidos
Koha item type Libro
Holdings
Estado de pérdida Fuente de clasificación Estado del daño No para préstamo Ubicación permanente Ubicación actual Apartado o colección Fecha de adquisición Edición Dependencia de educación superior (DES) Área del conocimiento Clasificación Código de Barras Date last seen Número de copia Costo por reposición Tipo de recurso
  Biblioteca del Cogreso de los Estados Unidos   Uso interno Biblioteca Biblioteca de la Facultad de Economía Biblioteca de la Facultad de Economía General 21/11/2023 1a ed. Ciencias Económico Administrativas Ciencias Sociales y Administrativas KGF4066 C46 2002 BFE000013553 18/04/2018 1 1.00 Libro